U.S. States by Size - Smallest to Largest (with clues) - Statistics

General Stats
  • This quiz has been taken 534 times
  • The average score is 23 of 50
Answer Stats
State Nickname State Area in sq miles % Correct
Ocean State Rhode Island 1,545
94%
First State Delaware 1,954
90%
Aloha State Hawaii 10,932
80%
Garden State New Jersey 8,722
77%
Constitution State Connecticut 5,544
74%
Lone Star State Texas 268,601
73%
The Last Frontier Alaska 656,425
72%
Golden State California 163,707
72%
Green Mountain State Vermont 9,615
68%
Grand Canyon State Arizona 114,006
66%
Granite State New Hampshire 9,351
65%
Bay State Massachusetts 10,555
61%
Empire State New York 54,475
60%
Hoosier State Indiana 36,420
58%
Bluegrass State Kentucky 40,411
57%
Great Lakes State Michigan 96,810
57%
Sunshine State Florida 65,758
54%
Peach State Georgia 59,441
53%
Old Line State Maryland 12,407
52%
Treasure State Montana 147,046
49%
Buckeye State Ohio 44,828
49%
Mountain State West Virginia 24,231
48%
Cornhusker State Nebraska 77,358
45%
Palmetto State South Carolina 32,007
44%
The Heart of Dixie Alabama 52,423
43%
Land of Enchantment New Mexico 121,593
43%
Sooner State Oklahoma 69,903
43%
Pelican State Louisiana 51,843
42%
Silver State Nevada 110,567
41%
Pine Tree State Maine 35,387
39%
Show Me State Missouri 69,709
38%
Beaver State Oregon 98,386
37%
Keystone State Pennsylvania 46,058
35%
Cowboy State Wyoming 97,818
35%
Hawkeye State Iowa 56,276
34%
Old Dominion Virginia 42,769
34%
Evergreen State Washington 71,303
34%
Badger State Wisconsin 65,503
34%
Centennial State Colorado 104,100
33%
Magnolia State Mississippi 48,434
33%
Sunflower State Kansas 82,282
32%
Beehive State Utah 84,904
30%
North Star State Minnesota 86,943
28%
The Natural State Arkansas 53,182
25%
Gem State Idaho 83,574
24%
Big Bend State Tennessee 42,146
21%
Prairie State Illinois 57,918
20%
Peace Garden State North Dakota 70,704
20%
Coyote State South Dakota 77,121
18%
Old North State North Carolina 53,821
17%
No matching quizzes found
Score Distribution
Percent of People with Each Score
Percentile by Number Answered
Your Score History
You have not taken this quiz